00571nam a2200217Ia 450000500170000000800460001702000180006303700100008104000080009104000080009904000080010704100080011504100080012308400080013110000440013924500490018326000300023226000090026265000330027185600490030420260306164518.0008 260114s9999 xx 000 0 eng d a9780191743504 aEBOOK aCRL beng cCRL 2eng aeng qCRL aJohn Geweke, Gary Koop, Herman Van Dijk 4aThe Oxford Handbook Of Bayesian Econometrics bOxford University Press c2012 aBusiness Economics & Finance uhttps://academic.oup.com/edited-volume/38595